| 000 | 00599nam a22001937a 4500 | ||
|---|---|---|---|
| 999 |
_c12368 _d12368 |
||
| 003 | AR-CdUCM | ||
| 008 | 190408b ||||| |||| 00| 0 spa d | ||
| 040 |
_aMUNICIPALIDAD PROVINCIAL DEL CUSCO _cBIBLIOTECA MUNICIPAL DEL CUSCO |
||
| 082 |
_a345.73 / _bC35 |
||
| 100 |
_aCastro ,Antonio _930196 |
||
| 245 | _aResolución suprema / | ||
| 260 | _aChile : | ||
| 300 |
_a219 paginas ; _c21 cm. |
||
| 505 | _aContenido :La resolución suprema --Juicios críticos --La protestas / | ||
| 650 |
_aResolución _924258 |
||
| 650 |
_aProtestas _930197 |
||
| 942 |
_2ddc _cLIBROS |
||
| 945 |
_arjall _d2019-04-08 |
||